Geografía general /
Guardado en:
| Autor Principal: | |
|---|---|
| Otros Autores: | , |
| Formato: | Libro |
| Publicado: |
Buenos Aires :
Kapelusz,
2003
|
| Series: | Espacios y sociedades. Geografía
|
| Materias: | |
| Etiquetas: |
Agregar Etiqueta
Sin Etiquetas, Sea el primero en etiquetar este registro!
|
| LEADER | 01667nam a22002535a 4500 | ||
|---|---|---|---|
| 001 | CEM.cems011394 | ||
| 008 | 130507s2003##################000#0#####d | ||
| 005 | 20231123175254.0 | ||
| 245 | 1 | 0 | |a Geografía general / |c Celia V. Bertone de Daguerre, Albina L. Lara, Susana María Sassone |
| 260 | |a Buenos Aires : |b Kapelusz, |c 2003 | ||
| 300 | |a 304 p. | ||
| 490 | 0 | |a Espacios y sociedades. Geografía | |
| 505 | 0 | |a El medio natural y la acción humana en el espacio geográfico -- La tierra nuestro lugar en el universo -- La tierra nuestra casa -- La representación de la superficie terrestre -- El hombre y el medio natural -- Los desastres naturales, origen, consecuencias y prevención -- La sociedad organiza el espacio geográfico: la población y las actividades económicas -- La población del mundo: crecimiento, pobreza y movilidad -- Hacia un mundo de ciudades -- El hombre y la producción de los recursos naturales al comercio internacional -- El transporte y las comunicaciones: cambios en la geografía del mundo -- El cuidado del ambiente, un desafío para todos -- La organización política transforma al espacio geográfico -- Cuando el mapa del mundo cambió | |
| 020 | |a 9501309304 | ||
| 100 | 1 | |a Bertone de Daguerre, Celia V. | |
| 700 | 1 | |a Lara, Albina L. | |
| 700 | 1 | |a Sassone, Susana María | |
| 082 | 0 | 4 | |a Z910 |
| 653 | |a Geografía | ||
| 653 | |a Geografía general | ||
| 859 | |a CEMS |b BIB. CEMS - 11 de abril |h Z910 |i D135 |p 22312.03 |t Ej.1 | ||
| 859 | |a CEMS |b BIB. CEMS - 11 de abril |h Z910 |i D135 |p 22401.04 |t Ej.2 | ||
| 859 | |a CEMS |b BIB. CEMS - 11 de abril |h Z910 |i D135 |p 29523.23 |t Ej.3 | ||
| 859 | |a CEMS |b BIB. CEMS - 11 de abril |h Z910 |i D135 |p 29810.23 |t Ej.4 | ||
